| 000 | 00922nam a22002537a 4500 | ||
|---|---|---|---|
| 005 | 20170123162350.0 | ||
| 010 | _aB-070022 | ||
| 020 | _c25.00 | ||
| 035 | _aB-070022 | ||
| 037 | _bCen Lib/Ret | ||
| 040 |
_aDPL _bUR |
||
| 082 |
_a921 _bا ب و |
||
| 100 |
_aدسنوی، عبد القوی _9113882 |
||
| 245 |
_a/ مولانا ابل کلام آزاد _cعبد القوی دسنوی |
||
| 246 |
_aMualana abul kalam azad / _bby Abdul-Qawi Dasnawi |
||
| 260 |
_aنی دہلی _bسآ ہتیہ اکادمی _c1987 |
||
| 270 |
_aنیی فروز شاہ روڈ _bنی دہلی |
||
| 300 |
_a183p. _c20cm(pbk) |
||
| 650 |
_a سوانح _9139165 |
||
| 650 |
_a مولانا ابل کلام آزاد سیاسی رہنما _zہندوستان _9139166 |
||
| 650 |
_v _aBiography _97490 |
||
| 650 |
_aPolitical leader Mualana abul kalam aza _zIndia _9139167 |
||
| 942 |
_2ddc _cUR _h921 _mا ب و |
||
| 999 |
_c109221 _d109221 |
||